000 00271nam a2200121Ia 4500
008 190216s9999||||xx |||||||||||||| ||und||
100 _aMishra M N
245 0 _aModern Concepts Of Insurance
260 _bS Chand & Co
300 _a270
650 _aCommerce
942 _cBK
999 _c6956
_d6956